000 00722nab a2200217u 4500
001 19385
003 HDC
007 c| |||a|c|aaaa
008 210227b20101001my ||||o |||| 00| 0 eng d
040 _aHDC
245 0 _aArgentina: World Meat Congress look at Halal trade
336 _atext
_2rdacontent
337 _acomputer
_2rdamedia
338 _aonline resource
_2rdacarrier
650 _aHalal slaughter for Islamic consumers
_917836
650 _aWorld Meat Congress
_917835
856 _zRequest full-text at [email protected]
942 _2lcc
942 _cNEWS
942 _kNWS0 003548
999 _c16701
_d16701